000 00305nam a2200121Ia 4500
008 190216s9999||||xx |||||||||||||| ||und||
100 _aJohn P P
245 2 _aA Handbook Of Essential English Grammar
260 _bPublications Division
_c1997
300 _a278p
650 _aEnglish Grammar
942 _cBK
999 _c14142
_d14142